| 000 | 00840nas a2200289 4500 | ||
|---|---|---|---|
| 001 | BR2011005924 | ||
| 003 | BR-BrBNA | ||
| 005 | 20231205115142.0 | ||
| 007 | ta | ||
| 008 | 230509b bl.|||p| |||| 00| 00por d | ||
| 040 |
_aBR-BrBNA _bpor _cBiblioteca Nacional de Agricultura |
||
| 041 | _a(Pt) | ||
| 072 | _aF02 | ||
| 100 | 1 | _aPinhal, H.F. | |
| 100 | 1 | _aAnastácio, M.R. | |
| 100 | 1 | _aCarneiro, P.A.P. | |
| 100 | 1 | _aSilva, V.J. da | |
| 100 | 1 | _aMorais, T.P. de | |
| 100 | 1 | _aLuz, J.M.Q. | |
| 245 | 1 | _aAplicações da cultura de tecidos vegetais em fruteiras do cerrado | |
| 650 | _aFRUTA | ||
| 650 | _aCULTURA IN VITRO | ||
| 650 | _aBIOTECNOLOGIA | ||
| 773 | 0 |
_tCiência Rural (Brazil) _xISSN 0103-8478 _g(Jul 2011), v. 41(7) p. 1136-1142 _wBR2011005924 |
|
| 909 |
_a202311 _bLúcia _c55 _dLúcia Elande |
||
| 942 |
_2AGRIS _n0 _cANA |
||
| 999 |
_c212332 _d212332 |
||